Executive coaching :building and managing your professional practice -(E-BOOK) (Record no. 192924)

000 -LEADER
fixed length control field 01073 a2200217 4500
003 - CONTROL NUMBER IDENTIFIER
control field Nust
005 - DATE AND TIME OF LATEST TRANSACTION
control field 20170207154047.0
010 ## - LIBRARY OF CONGRESS CONTROL NUMBER
LC control number 2008002753
020 ## - INTERNATIONAL STANDARD BOOK NUMBER
International Standard Book Number 9780470177464 (acid-free paper)
040 ## - CATALOGING SOURCE
Transcribing agency Nust
082 00 - DEWEY DECIMAL CLASSIFICATION NUMBER
Classification number 658.4
100 1# - MAIN ENTRY--PERSONAL NAME
Personal name Stern, Lewis Richard.
245 10 - TITLE STATEMENT
Title Executive coaching :building and managing your professional practice -(E-BOOK)
Statement of responsibility, etc. Lewis R. Stern.
260 ## - PUBLICATION, DISTRIBUTION, ETC.
Place of publication, distribution, etc. Hoboken, N.J. :
Name of publisher, distributor, etc. John Wiley & Sons,
Date of publication, distribution, etc. c2008.
300 ## - PHYSICAL DESCRIPTION
Extent xviii, 237 p. ;
Dimensions 25 cm.
505 ## - FORMATTED CONTENTS NOTE
Formatted contents note Is Executive Coaching Right for You? (Page-1) Assessing Your Competencies as a Professional (Page-27) Building and Marketing Your Value Proposition (Page-83) Assembling and Managing the Building Blocks (Page-109) Transitioning into Executive Coaching from Other (Page-153) A Plan for Your Professional Executive (Page-171)
650 #0 - SUBJECT ADDED ENTRY--TOPICAL TERM
Topical term or geographic name entry element Executive coaching.
651 ## - SUBJECT ADDED ENTRY--GEOGRAPHIC NAME
Geographic name E-BOOK
856 42 - ELECTRONIC LOCATION AND ACCESS
Materials specified Publisher description
Uniform Resource Identifier <a href="http://www.loc.gov/catdir/enhancements/fy0810/2008002753-d.html">http://www.loc.gov/catdir/enhancements/fy0810/2008002753-d.html</a>
856 42 - ELECTRONIC LOCATION AND ACCESS
Materials specified Table of contents only
Uniform Resource Identifier <a href="http://www.loc.gov/catdir/enhancements/fy0810/2008002753-t.html">http://www.loc.gov/catdir/enhancements/fy0810/2008002753-t.html</a>
942 ## - ADDED ENTRY ELEMENTS (KOHA)
Source of classification or shelving scheme
Koha item type Book
Holdings
Withdrawn status Lost status Source of classification or shelving scheme Damaged status Not for loan Collection code Permanent Location Current Location Date acquired Total Checkouts Full call number Barcode Date last seen Price effective from Koha item type
            Military College of Signals (MCS) Military College of Signals (MCS) 12/12/2016   658.4 STE MCSEB-2317 12/08/2016 12/12/2016 Book
© 2023 Central Library, National University of Sciences and Technology. All Rights Reserved.